[Event "Peterborough 4NCL Easter U2000 op"]
[Site "Peterborough"]
[Date "2024.04.01"]
[Round "6"]
[White "Shivakumar, Akshath"]
[Black "Kocan, Barry A"]
[Result "1-0"]
[WhiteElo "1722"]
[BlackElo "1719"]
[PlyCount "63"]
[EventDate "2024.03.29"]
[EventType "swiss"]
[EventRounds "7"]
[EventCountry "ENG"]
[SourceTitle "CB14_2024"]
[SourceDate "2024.04.01"]
[SourceVersion "1"]
[SourceVersionDate "2024.04.01"]
[SourceQuality "1"]

1. d4 Nf6 2. c4 g6 3. f3 Bg7 4. e4 d6 5. Nc3 0-0 6. Bg5 Nbd7 7. Qd2 Re8 8. 0-0-0 b6 9. Nge2 Bb7 10. h4 h5 11. Bxf6 Nxf6 12. g3 a5 13. Bh3 a4 14. g4 hxg4 15. Bxg4 Ba6 16. Qd3 Bh6+ 17. Kb1 c6 18. h5 Nxg4 19. fxg4 g5 20. Ng3 e6 21. d5 cxd5 22. exd5 Qc7 23. Nge4 Re7 24. Nf6+ Kf8 25. Qh7 Ree8 26. Qxh6+ Ke7 27. Nxe8 Rxe8 28. Qxg5+ Kd7 29. dxe6+ fxe6 30. h6 Bxc4 31. h7 Qc8 32. Qg7+ 1-0

[Event "Peterborough 4NCL Easter U2000 op"]
[Site "Peterborough"]
[Date "2024.04.01"]
[Round "7"]
[White "Watkinson, Phil"]
[Black "Shivakumar, Akshath"]
[Result "1/2-1/2"]
[WhiteElo "1744"]
[BlackElo "1722"]
[PlyCount "69"]
[EventDate "2024.03.29"]
[EventType "swiss"]
[EventRounds "7"]
[EventCountry "ENG"]
[SourceTitle "CB14_2024"]
[SourceDate "2024.04.01"]
[SourceVersion "1"]
[SourceVersionDate "2024.04.01"]
[SourceQuality "1"]

1. d4 f5 2. Bg5 h6 3. Bh4 g5 4. Bg3 Bg7 5. e4 f4 6. Bxf4 gxf4 7. Qh5+ Kf8 8. Qf5+ Ke8 9. Be2 Nf6 10. e5 e6 11. Qg6+ Kf8 12. exf6 Qxf6 13. Qxf6+ Bxf6 14. Nf3 Nc6 15. c3 b6 16. Nbd2 Bb7 17. 0-0-0 Kf7 18. Rhg1 Rhg8 19. g3 fxg3 20. fxg3 Ke7 21. Rde1 d5 22. Bd3 Kd7 23. Rgf1 Raf8 24. Ng1 Bg5 25. Kc2 Kd6 26. Ndf3 Bf6 27. Nh3 e5 28. dxe5+ Nxe5 29. Nd4 Bc8 30. Nf4 Nxd3 31. Nxd3 Bxd4 32. cxd4 Bf5 33. Kd2 Bxd3 34. Kxd3 c5 35. b3 1/2-1/2

[Event "Peterborough 4NCL Easter U2000 op"]
[Site "Peterborough"]
[Date "2024.03.31"]
[Round "5"]
[White "Mitchell, Stephen R"]
[Black "Shivakumar, Akshath"]
[Result "1-0"]
[WhiteElo "1932"]
[BlackElo "1722"]
[PlyCount "57"]
[EventDate "2024.03.29"]
[EventType "swiss"]
[EventRounds "7"]
[EventCountry "ENG"]
[SourceTitle "CB14_2024"]
[SourceDate "2024.04.01"]
[SourceVersion "1"]
[SourceVersionDate "2024.04.01"]
[SourceQuality "1"]

1. d4 f5 2. g3 Nf6 3. Bg2 e6 4. Nf3 Be7 5. 0-0 0-0 6. b3 d6 7. Bb2 Ne4 8. Nbd2 Nc6 9. Nxe4 fxe4 10. Ne1 d5 11. f3 exf3 12. exf3 Bf6 13. f4 Bd7 14. Nf3 g6 15. Qd2 Ne7 16. c4 Nf5 17. Rad1 Re8 18. Rfe1 a5 19. Qc1 Bc6 20. Ne5 a4 21. b4 Bxe5 22. Rxe5 dxc4 23. Bxc6 bxc6 24. Qxc4 Qd6 25. Rde1 Ng7 26. Rc5 Reb8 27. Qc3 a3 28. Ba1 Nf5 29. d5 1-0